| 000 | 00734nam a2200265Ia 4500 | ||
|---|---|---|---|
| 003 | OSt | ||
| 005 | 20220925205802.0 | ||
| 006 | a|||||r|||| 00| 0 | ||
| 007 | ta | ||
| 008 | 220923b |||||||| |||| 00| 0 eng d | ||
| 020 | _a0333382560 | ||
| 037 | _cGeneral Book | ||
| 040 |
_aRTL _cRTL _beng |
||
| 041 |
_2eng _aeng |
||
| 082 | _aV2-3.N5, J9;M5 | ||
| 100 |
_aThornton A P _998317 |
||
| 245 | 0 |
_aImperial idea and its enemies _b A study in British power |
|
| 250 | _a2nd | ||
| 260 |
_aHoundmills _bMacmillan _c1985 |
||
| 300 |
_axxxiv,372p _ccm. |
||
| 500 | _aAppendix: p 357-362 | ||
| 650 | _aBureacracy India | ||
| 942 |
_hV2-3.N5, J9;M5 _cGB _2CC |
||
| 999 |
_c553187 _d553187 |
||